00359nam a2200145Ia 4500008004100000020001500041050001000056050001500066100001800081245004400099245002000143260002500163260000900188300001600197160319s9999 xx 000 0 und d a9715980287 a398.6 bC227b 2008 aCanonigo, C.S aBook of local and foreign riddles??? /  cC. S. Canonigo. bSIBS Pub. House Inc. c2002 a105 pages :